| 000 | 00396nam a2200157Ia 4500 | ||
|---|---|---|---|
| 008 | 230711s9999||||xx |||||||||||||| ||und|| | ||
| 041 | _aENG | ||
| 082 |
_a28.7 _bGE-C |
||
| 100 | _aGear,Jolene | ||
| 245 | 0 | _aCambridge Preparation for the TOEFL Test | |
| 250 | _a3rd Ed. | ||
| 260 |
_c2002 _aNew Delhi _bCambridge University Press |
||
| 650 | _aLiterature | ||
| 700 | _aGear,Robert | ||
| 942 | _cBK | ||
| 999 |
_c4051 _d4051 |
||